Theory and problems of group theory / (Record no. 6380)

MARC details
000 -LEADER
fixed length control field 01196nam a2200337 i 4500
003 - CONTROL NUMBER IDENTIFIER
control field EG-ScBUE
005 - DATE AND TIME OF LATEST TRANSACTION
control field 20260512100008.0
008 - FIXED-LENGTH DATA ELEMENTS--GENERAL INFORMATION
fixed length control field 150812t1968 nyua f b 001 0 eng d
020 ## - INTERNATIONAL STANDARD BOOK NUMBER
International Standard Book Number 00700041245
020 ## - INTERNATIONAL STANDARD BOOK NUMBER
International Standard Book Number 9780070041240
040 ## - CATALOGING SOURCE
Original cataloging agency EG-ScBUE
Language of cataloging eng
Description conventions rda
Transcribing agency EG-ScBUE
Modifying agency EG-ScBUE
082 04 - DEWEY DECIMAL CLASSIFICATION NUMBER
Classification number 512.2076
Item number BAU
Edition number 22
100 1# - MAIN ENTRY--PERSONAL NAME
Personal name Baumslag, Benjamin‏,
Relator term author.
9 (RLIN) 41279
245 10 - TITLE STATEMENT
Title Theory and problems of group theory /
Statement of responsibility, etc by Benjamin Baumslag, Bruce Chandler, Depatment of Mathematics, New York University.
246 34 - VARYING FORM OF TITLE
Title proper/short title Schaum’s outline of theory and problems of group theory
264 #1 - PUBLICATION, DISTRIBUTION, ETC. (IMPRINT)
Place of publication, distribution, etc New York :
Name of publisher, distributor, etc McGraw-Hill,
Date of publication, distribution, etc [1968]
264 #4 - PUBLICATION, DISTRIBUTION, ETC. (IMPRINT)
Date of publication, distribution, etc c1968
300 ## - PHYSICAL DESCRIPTION
Extent 279 pages :
Other physical details illustrations ;
Dimensions 28 cm.
336 ## - CONTENT TYPE
Source rdacontent
Content type term text
Content type code txt
337 ## - MEDIA TYPE
Media type term unmediated
Source rdamedia
Media type code n
338 ## - CARRIER TYPE
Carrier type term volume
Carrier type code nc
Source rdacarrier
490 0# - SERIES STATEMENT
Series statement Schaum’s outline series
504 ## - BIBLIOGRAPHY, ETC. NOTE
Bibliography, etc Includes bibliographical references and index.<br/>
650 #7 - SUBJECT ADDED ENTRY--TOPICAL TERM
Topical term or geographic name as entry element Group theory
Form subdivision Problems, exercises, etc.
Source of heading or term BUEsh
9 (RLIN) 41280
651 ## - SUBJECT ADDED ENTRY--GEOGRAPHIC NAME
Source of heading or term BUEsh
653 ## - INDEX TERM--UNCONTROLLED
Resource For college Engineering, General
Arrived date list August2015
653 ## - INDEX TERM--UNCONTROLLED
Resource For college Engineering, Electrical
Arrived date list September2016
655 ## - INDEX TERM--GENRE/FORM
Form subdivision Reading book
9 (RLIN) 34232
700 1# - ADDED ENTRY--PERSONAL NAME
Personal name Chandler, Bruce,
Relator term author.
9 (RLIN) 41281
942 ## - ADDED ENTRY ELEMENTS (KOHA)
Source of classification or shelving scheme Dewey Decimal Classification
Koha item type Book - Borrowing
Holdings
Withdrawn status Lost status Source of classification or shelving scheme Damaged status Not for loan Collection code Home library Current library Shelving location Date acquired Source of acquisition Total Checkouts Full call number Barcode Date last seen Koha item type Cost, normal purchase price Checked out Date checked out
    Dewey Decimal Classification     Alahram Central Library Central Library First floor 22/11/2007 Purchase   512.2076 BAU 000007234 15/07/2025 Book - Borrowing      
    Dewey Decimal Classification     Alahram Central Library Central Library First floor 12/02/2009 Purchase   512.2076 BAU 000007235 15/07/2025 Book - Borrowing      
    Dewey Decimal Classification     Baccah Central Library Central Library First floor 28/09/2016 Purchase 1 512.2076 BAU 000033737 21/10/2019 Book - Borrowing 280.00 20/11/2019 21/10/2019